000 00298nam a22001337a 4500
008 170714b xxu||||| |||| 00| 0 eng d
020 _a615269939215
041 _aeng
080 _a038
100 _a24
101 _aFJA
245 _aWENSTER'S STANDARD DICTIONARY
_cWEBSTER, M
942 _2udc
_cBK
999 _c20908
_d20908